<?xml version="1.0" encoding="UTF-8"?>
<record
    xmlns:xsi="http://www.w3.org/2001/XMLSchema-instance"
    xsi:schemaLocation="http://www.loc.gov/MARC21/slim http://www.loc.gov/standards/marcxml/schema/MARC21slim.xsd"
    xmlns="http://www.loc.gov/MARC21/slim">

  <leader>01016nam a2200241 a 4500</leader>
  <controlfield tag="008">120416s1990    ||||||||||||||||| ||    u</controlfield>
  <datafield tag="020" ind1=" " ind2=" ">
    <subfield code="a">0256080100</subfield>
  </datafield>
  <datafield tag="050" ind1=" " ind2=" ">
    <subfield code="a">HD 62.4 Bal</subfield>
  </datafield>
  <datafield tag="100" ind1=" " ind2=" ">
    <subfield code="a">Ball, Donald A</subfield>
  </datafield>
  <datafield tag="245" ind1="1" ind2="0">
    <subfield code="a">International business: an introduction and essentials. (4th ed.)</subfield>
  </datafield>
  <datafield tag="250" ind1=" " ind2=" ">
    <subfield code="a">4th ed.</subfield>
  </datafield>
  <datafield tag="260" ind1=" " ind2=" ">
    <subfield code="a">Homewood, Ill.:</subfield>
    <subfield code="b">Richard D. Irwin</subfield>
    <subfield code="c">1990</subfield>
  </datafield>
  <datafield tag="300" ind1=" " ind2=" ">
    <subfield code="a">xxv, 779 pages : illustrations</subfield>
  </datafield>
  <datafield tag="350" ind1=" " ind2=" ">
    <subfield code="a">0.00</subfield>
  </datafield>
  <datafield tag="500" ind1=" " ind2=" ">
    <subfield code="a">Includes bibliographical references.</subfield>
  </datafield>
  <datafield tag="650" ind1=" " ind2="0">
    <subfield code="a">INTERNATIONAL ECONOMIC RELATIONS</subfield>
  </datafield>
  <datafield tag="650" ind1=" " ind2="0">
    <subfield code="a">BUSINESS</subfield>
  </datafield>
  <datafield tag="650" ind1=" " ind2="0">
    <subfield code="a">INTERNATIONAL BUSINESS ENTERPRISES</subfield>
  </datafield>
  <datafield tag="650" ind1=" " ind2=" ">
    <subfield code="a">INTERNATIONAL BUSINESS ENTERPRISES--MANAGEMENT</subfield>
  </datafield>
  <datafield tag="700" ind1=" " ind2=" ">
    <subfield code="a">McCulloch, Wendell H</subfield>
  </datafield>
  <datafield tag="995" ind1=" " ind2=" ">
    <subfield code="a">MAIN LIBRARY OPEN ACCESS</subfield>
    <subfield code="D">0.00</subfield>
    <subfield code="e">723200</subfield>
    <subfield code="F">CBU-MAIN LIBRARY (Kitwe)</subfield>
    <subfield code="H">1</subfield>
    <subfield code="I">46.95</subfield>
    <subfield code="j">HD 62.4 Bal</subfield>
    <subfield code="M">1</subfield>
    <subfield code="U">LOST</subfield>
    <subfield code="y">002868</subfield>
    <subfield code="Z">Main Library Open Access Collection</subfield>
  </datafield>
  <datafield tag="995" ind1=" " ind2=" ">
    <subfield code="a">TEXTBOOKS (SB)</subfield>
    <subfield code="D">0.00</subfield>
    <subfield code="e">1683</subfield>
    <subfield code="F">CBU-SCHOOL TEXTBOOK COLLECTIONS</subfield>
    <subfield code="H">1</subfield>
    <subfield code="I">0.00</subfield>
    <subfield code="j">SCHOOL TEXTBOOK</subfield>
    <subfield code="M">2</subfield>
    <subfield code="U">AVAILABLE</subfield>
    <subfield code="W">Sep 18, 2009</subfield>
    <subfield code="y">1683</subfield>
    <subfield code="Z">School Collections</subfield>
  </datafield>
  <datafield tag="999" ind1=" " ind2=" ">
    <subfield code="c">77517</subfield>
    <subfield code="d">77517</subfield>
  </datafield>
  <datafield tag="952" ind1=" " ind2=" ">
    <subfield code="0">0</subfield>
    <subfield code="1">0</subfield>
    <subfield code="2">lcc</subfield>
    <subfield code="4">0</subfield>
    <subfield code="7">0</subfield>
    <subfield code="a">001</subfield>
    <subfield code="b">001</subfield>
    <subfield code="c">Main Library Open Access Collection</subfield>
    <subfield code="d">2023-04-27</subfield>
    <subfield code="l">0</subfield>
    <subfield code="o">HD 62.4 Bal</subfield>
    <subfield code="p">002868</subfield>
    <subfield code="r">2023-04-27</subfield>
    <subfield code="t">1</subfield>
    <subfield code="w">2023-04-27</subfield>
    <subfield code="y">002</subfield>
  </datafield>
  <datafield tag="952" ind1=" " ind2=" ">
    <subfield code="0">0</subfield>
    <subfield code="1">0</subfield>
    <subfield code="2">lcc</subfield>
    <subfield code="4">0</subfield>
    <subfield code="7">0</subfield>
    <subfield code="a">005</subfield>
    <subfield code="b">005</subfield>
    <subfield code="c">School Collections</subfield>
    <subfield code="d">2023-04-27</subfield>
    <subfield code="l">0</subfield>
    <subfield code="o">SCHOOL TEXTBOOK</subfield>
    <subfield code="p">1683</subfield>
    <subfield code="r">2023-04-27</subfield>
    <subfield code="t">2</subfield>
    <subfield code="w">2023-04-27</subfield>
    <subfield code="y">002</subfield>
  </datafield>
</record>
